10 most famous Portuguese footballers - Statistics

General Stats
  • This quiz has been taken 30 times
  • The average score is 5 of 10
Answer Stats
number player % Correct
1 Cristiano Ronaldo
100%
3 Luís Figo
82%
2 Eusébio
71%
8 Pepe
71%
7 Deco
54%
5 Bernardo Silva
39%
10 João Félix
18%
4 Rui Costa
14%
9 Ricardo Quaresma
4%
6 Fernando Peyroteo
0%
No matching quizzes found
Score Distribution
Percent of People with Each Score
Percentile by Number Answered
Your Score History
You have not taken this quiz